01826nam a2200205Ia 450000500170000000800410001704000440005804100080010208200140011010000310012424500540015526000720020930000350028150004090031650507530072550600210147865000410149965000560154065000240159620150602111507.0130821s1889 ag fr 1 spa d aCo-BoUCMbspacSandra YazodSandra Yazo1 aspa04a868.52201 aOyuela, Calixtod1857-193514aEstudios y artículos literarioscCalixto Oyuela aBuenos Aires (Argentina)bImprenta de Pablo E. Coni é hijosc1889 avi, 600 páginasc22 x 15 cm. aDetalles físicos: Encuadernación rígida en cartón forrada en papel. Lomo en cuero con nervaduras sobre costuras y adorados en dorado. Guardas. Portada impresa a una sola tinta. Texto impreso en una sola columna, márgenes amplios, algunas notas al pie de página. Adornos y letras capitales sencillas. Cenefas. Papel de muy buena calidad. En portada con un sello de tinta. Ej. 2 desencuadernado0 aCarta a Rafael Obligado sobre sus poesías ; Marcelino Méndez y Pelayo, sus poesías ; Noticias acerca de la vida y escritos del poeta catalán Manuel de Cabanyes ; Carlos Guido y Spano ; En la Ribera ; El Haz de Leña ; El tanto por ciento ; La pasionaria ; El alcalde de Zalamea ; Cid Rodrigo de Vivar ; El gran Galeoto ; Desde Toledo a Madrid ; Marta la Piadosa ; Un milagro en Egipto ; La hija del aire ; La temporada dramática del Politeama ; Fédora ; Fedra ; La dama de las Camelias ; Frou-Frou ; Adriana Lecouvreur ; Hermani ; Teodora ; La Esfinge ; Apuntes estéticos ; Derechos de autor ; Con motivo de Lohengrin ; Versos, Baladas y Nocturnos ; La España del presente ; Sobre arte ; Letras americanas ; España y Echegaray aConsulta en sala 7aLiteratura vColecciones de escritos 7aLiteratura españolaxCrítica e interpretación 7aEnsayos argentinos